Trouvez l'arbre - Statistiques

Statistiques générales
  • Ce quiz a été pris 366 fois
  • Le résultat moyen est 12 sur 15
Statistiques - réponses
Indice Réponse : arbre ou végétal % Correct
Canada, Japon, sirop Erable
95%
Saint-Louis, gland, truffe Chêne
90%
Pousse, Chine, panda Bambou
89%
Huile, Méditerranée, rameau Olivier
89%
Canada, Blanche Neige, Reinette Pommier
88%
Guigne, griotte, Japon Cerisier
87%
Aiguille, Vosges, Landes Pin
86%
Conférence, Louise bonne, Belle Hélène Poirier
82%
Datte, coeur, huile Palmier
79%
Agen, Lorraine, Damas Prunier
73%
Koala, pastille, Australie Eucalyptus
71%
Afrique, Petit Prince, bonsaï Baobab
64%
Plantain, chlordécone, Cavendish Bananier
58%
Chaton, écureuil, coudrier, sourcier Noisetier
51%
Aspirine, chaton, chagrin Saule
50%
Aucun quiz correspondant
Distribution des résultats
% des personnes avec chaque résultat
Percentile par nombre de réponses
Votre historique - résultats
Vous n’avez pas pris ce quiz